000 00648nam a22001937a 4500
005 20130819125943.0
010 _aENG-107845
020 _a9788628041902
_c154.00
035 _aEN-91378
037 _bDBAD/PUB
082 _a519.5
100 _aMohan, S.B.
245 _aData analysis methods :
_cby S.B. Mohan [and] Jasti Katyayani
_bfundamentals of statistics /
260 _aHyderabad
_bStudentshelpline Publishing House
_c2010
270 _a326/C, Surneni Nilayam, near B K Guda Park, S.R. Nagar,
_bHyderabad
_e500038
300 _avarious pagings
_c22cm(pbk)
700 _aKatyayani, Jasti
942 _2ddc
_cEN
_mMOH
_h519.5
999 _c77284
_d77284